BASIC OPHTHALMOLOGY (Record no. 6606)
[ view plain ]
| 000 -LEADER | |
|---|---|
| fixed length control field | 00331nam a2200145Ia 4500 |
| 008 - FIXED-LENGTH DATA ELEMENTS--GENERAL INFORMATION | |
| fixed length control field | 150301s2014 xx 000 0 und d |
| 082 ## - DEWEY DECIMAL CLASSIFICATION NUMBER | |
| Classification number | 617.7 |
| Item number | B14J |
| 100 ## - MAIN ENTRY--PERSONAL NAME | |
| Personal name | JOGI, RENU |
| 245 ## - TITLE STATEMENT | |
| Title | BASIC OPHTHALMOLOGY |
| 250 ## - EDITION STATEMENT | |
| Edition statement | 4TH |
| 260 ## - PUBLICATION, DISTRIBUTION, ETC. (IMPRINT) | |
| Name of publisher, distributor, etc. | JAYPEE |
| Place of publication, distribution, etc. | DELHI |
| Date of publication, distribution, etc. | 2014 |
| 300 ## - PHYSICAL DESCRIPTION | |
| Extent | 502 |
| 650 ## - SUBJECT ADDED ENTRY--TOPICAL TERM | |
| Topical term or geographic name as entry element | OPHTHALMOLOGY |
| 942 ## - ADDED ENTRY ELEMENTS (KOHA) | |
| Source of classification or shelving scheme | Dewey Decimal Classification |
| Koha item type | Books |
| Koha issues (borrowed), all copies | 15 |
| Withdrawn status | Lost status | Source of classification or shelving scheme | Damaged status | Not for loan | Collection code | Home library | Current library | Shelving location | Date acquired | Source of acquisition | Cost, normal purchase price | SGTU | Bill Number | Total Checkouts | Full call number | Barcode | Date last seen | Date last checked out | Bill Date | Koha item type |
|---|---|---|---|---|---|---|---|---|---|---|---|---|---|---|---|---|---|---|---|---|
| Dewey Decimal Classification | MEDICAL | SGT Medical Library | SGT Medical Library | Text Book | 02/07/2015 | ABC DELHI | 495.00 | SGTU | 4960 | 7 | 617.7 B14J | FM6571 | 28/05/2025 | 28/05/2025 | 25/10/2014 | Books | ||||
| Dewey Decimal Classification | MEDICAL | SGT Medical Library | SGT Medical Library | Text Book | 02/07/2015 | ABC DELHI | 495.00 | SGTU | 4960 | 8 | 617.7 B14J | FM6572 | 17/03/2025 | 04/03/2025 | 25/10/2014 | Books | ||||
| Dewey Decimal Classification | MEDICAL | SGT Medical Library | SGT Medical Library | Text Book | 02/07/2015 | ABC DELHI | 495.00 | SGTU | 4960 | 14 | 617.7 B14J | FM6573 | 25/09/2025 | 12/09/2025 | 25/10/2014 | Books | ||||
| Dewey Decimal Classification | MEDICAL | SGT Medical Library | SGT Medical Library | Text Book | 02/07/2015 | ABC DELHI | 495.00 | SGTU | 4960 | 12 | 617.7 B14J | FM6574 | 14/12/2024 | 14/12/2024 | 25/10/2014 | Books | ||||
| Dewey Decimal Classification | MEDICAL | SGT Medical Library | SGT Medical Library | Text Book | 02/07/2015 | ABC DELHI | 495.00 | SGTU | 4960 | 2 | 617.7 B14J | FM6575 | 23/10/2018 | 03/10/2018 | 25/10/2014 | Books |